广州-佛山地铁含“沙”的站名 Guangzhou-Foshan metro stations containing "sand" - Statistics

General Stats
  • This quiz has been taken 73 times
  • The average score is 15 of 23
Answer Stats
线路 % Correct
1号线 黄沙
90%
6号线 黄沙
90%
APM线 海心沙
84%
8号线 磨碟沙
77%
18号线 磨碟沙
77%
4号线 南沙客运港
75%
18号线 万顷沙
75%
8号线 沙园
74%
广佛线 沙园
74%
13号线 新沙
69%
5号线 大沙东
62%
6号线 横沙
62%
6号线 沙贝
62%
7号线 大沙东
62%
6号线 河沙
59%
6号线 沙河顶
59%
4号线 飞沙角
57%
5号线 大沙地
57%
广佛线 沙涌
57%
13号线 沙村
54%
18号线 沙溪
54%
5号线 双沙
44%
佛山2号线 沙岗
44%
No matching quizzes found
Score Distribution
Percent of People with Each Score
Percentile by Number Answered
Your Score History
You have not taken this quiz